000 00692cam a22002053a 4500
001 34915
003 PGUSA
005 20140828083743.0
008 110111s2011||||xxu|||||s|||||000 | eng d
040 _aPGUSA
_beng
042 _adc
100 1 _aDouglass, Frederick,
_d1818-1895
245 1 0 _aAbolition Fanaticism in New York :
_bSpeech of a Runaway Slave from Baltimore, at an Abolition Meeting in New York, Held May 11, 1847
_h[electronic resource] /
_cFrederick Douglass
260 _bProject Gutenberg,
_c2011
506 _aPublic domain in the USA.
516 _aElectronic text
830 0 _aProject Gutenberg
_v34915
856 4 0 _uhttp://www.gutenberg.org/ebooks/34915
942 _cEB
999 _c264170
_d264170